| 000 | 01492nam a22004217a 4500 | ||
|---|---|---|---|
| 001 | 0007547 | ||
| 003 | KOHA_MİRAKIL | ||
| 005 | 20260207001602.0 | ||
| 007 | ta | ||
| 008 | 090929b1993 tu |||gr||||#0|||0|tur | | ||
| 020 | _c0,01 | ||
| 040 |
_aTR-BiSEU _btur _cTR-BiSEU _erda |
||
| 041 | 0 | _atur | |
| 044 | _ctu | ||
| 050 |
_aDR471 _b.R49 1993 |
||
| 100 | 1 | _aReychman, Jan. | |
| 240 | 1 | 0 |
_a(handbook of Ottoman-Turkish diplomatics) _lTürkçe |
| 245 | 1 |
_aOsmanlı - Türk diplomatikası el kitabı = _b(handbook of Ottoman-Turkish diplomatics)/ _cJan Reychman ; Jan Reychman, Ananiasz Zajaczkowski; çeviren Andrew S. Ehrenkreutz. |
|
| 264 | 1 |
_aİstanbul : _bBaşbakanlık Devlet Arşivleri Genel Müdürlüğü _c1993 |
|
| 300 | _axxiv, 257 sayfa: tıpkıbasım | ||
| 336 |
_ametin _btxt _2rdacontent |
||
| 337 |
_aaracısız _bn _2rdamedia |
||
| 338 |
_acilt _bnc _2rdacarrier |
||
| 490 | 1 |
_aYayın ; _vnu. |
|
| 490 | 1 | _a10 | |
| 500 | _aDizin var. | ||
| 500 | _aGenişleterek İngilizceye çeviren : Andrew S. Ehrenkreutz. | ||
| 650 | 0 |
_aTurkey--Freign relation. _918739 |
|
| 650 | 0 |
_aTurkey--History--Ottoman Empire, 1288-1918. _94433 |
|
| 650 | 0 |
_aTürkiye--Dış ilişkiler. _96200 |
|
| 650 | 0 |
_aTürkiye--Tarih--osmanlı İmparatorluğu, 1288-1918. _918740 |
|
| 650 | 0 |
_aTurkey--Politics and government. _97156 |
|
| 650 | 0 |
_aTürkiye--Siyaset ve yönetim. _97157 |
|
| 830 | 1 |
_aYayın ; _vnu. _91557 |
|
| 830 | 1 |
_a10 _96678 |
|
| 907 | _aTarih | ||
| 942 |
_2lcc _cBK |
||
| 999 |
_c7524 _d7524 |
||